Astitva (Record no. 34643)
[ view plain ]
| 000 -LEADER | |
|---|---|
| fixed length control field | 02737ngm a2200469 4500 |
| 003 - CONTROL NUMBER IDENTIFIER | |
| control field | dpl |
| 005 - DATE AND TIME OF LATEST TRANSACTION | |
| control field | 2010031308078.0 |
| 007 - PHYSICAL DESCRIPTION FIXED FIELD--GENERAL INFORMATION | |
| fixed length control field | DVD |
| 008 - FIXED-LENGTH DATA ELEMENTS--GENERAL INFORMATION | |
| fixed length control field | ||||||sp199 xxu|||||c ||| 00| 0 ng d |
| 010 ## - LIBRARY OF CONGRESS CONTROL NUMBER | |
| LC control number | DVD-006587-6589 & DVD-007039-7041 |
| 024 ## - OTHER STANDARD IDENTIFIER | |
| Terms of availability | 49.00 |
| Standard number or code | SHE 361 F2 |
| 035 ## - SYSTEM CONTROL NUMBER | |
| System control number | DVD-006587-6589 |
| 035 ## - SYSTEM CONTROL NUMBER | |
| System control number | DVD-007039-7041 |
| 040 ## - CATALOGING SOURCE | |
| Original cataloging agency | DPL |
| Transcribing agency | DPL |
| 082 ## - DEWEY DECIMAL CLASSIFICATION NUMBER | |
| Classification number | DVD ASTI |
| 245 ## - TITLE STATEMENT | |
| Title | Astitva |
| Statement of responsibility, etc | Jhamu Sughand Presents |
| Medium | [videorecording] VCD/ |
| 260 ## - PUBLICATION, DISTRIBUTION, ETC. (IMPRINT) | |
| Name of publisher, distributor, etc | Shemaroo Home Entertainment |
| 300 ## - PHYSICAL DESCRIPTION | |
| Extent | 2 videodisc VCD; |
| Other physical details | sd., col. ; |
| Dimensions | 4 3/4 in. |
| Type of unit | VCD |
| 440 ## - SERIES STATEMENT/ADDED ENTRY--TITLE | |
| Title | Shemaroo Home Entertainment |
| 500 ## - GENERAL NOTE | |
| General note | Mastered From The Original Film |
| 500 ## - GENERAL NOTE | |
| General note | This Title in Completed with 2 Disc. Not to be sold individually. |
| 500 ## - GENERAL NOTE | |
| General note | Film fare Award Winner: Critics Awards<br/>Best Actress- Tabu |
| 500 ## - GENERAL NOTE | |
| General note | Screen Video con Awards -Best Actress Tabu<br/>Best Story and Special Jury Award- Mahesh Manjerkar |
| 538 ## - SYSTEM DETAILS NOTE | |
| System details note | Dolby Digital 5.1 - Hindi Subtitles: English |
| 538 ## - SYSTEM DETAILS NOTE | |
| System details note | NTSC Format-All Regions, 16x9 Anamorphic (2:23.1 Aspect Ratio), Dual Layer |
| 650 ## - SUBJECT ADDED ENTRY--TOPICAL TERM | |
| Topical term or geographic name as entry element | Motion Picture |
| 700 ## - ADDED ENTRY--PERSONAL NAME | |
| Personal name | Manjrekar, Mahesh |
| 700 ## - ADDED ENTRY--PERSONAL NAME | |
| Personal name | Sughand, Jhamu |
| 700 ## - ADDED ENTRY--PERSONAL NAME | |
| Personal name | Tabu |
| 700 ## - ADDED ENTRY--PERSONAL NAME | |
| Personal name | Khedekar, Sachin |
| 700 ## - ADDED ENTRY--PERSONAL NAME | |
| Personal name | Shirodkar, Namrata |
| 700 ## - ADDED ENTRY--PERSONAL NAME | |
| Personal name | Behl, Monish |
| 942 ## - ADDED ENTRY ELEMENTS (KOHA) | |
| Koha item type | CD-ROMs, DVDs, VHS |
| Source of classification or shelving scheme | Dewey Decimal Classification |
| Classification part | DVD |
| Call number suffix | ASTI |
| Withdrawn status | Lost status | Source of classification or shelving scheme | Damaged status | Not for loan | Home library | Current library | Date acquired | Source of acquisition | Cost, normal purchase price | Total Checkouts | Full call number | Barcode | Date last seen | Date checked out | Copy number | Cost, replacement price | Price effective from | Koha item type | Total Renewals |
|---|---|---|---|---|---|---|---|---|---|---|---|---|---|---|---|---|---|---|---|
| Dewey Decimal Classification | Central Library | Central Library | 13/03/2010 | Pioneers/1099/25-12-09/325/13-10-09 /30-12-09 | 49.00 | 14 | DVD ASTI | DVD-006587 | 02/08/2014 | 19/07/2014 | 1 | 49.00 | 13/03/2010 | CD-ROMs, DVDs, VHS | |||||
| Dewey Decimal Classification | Janak Puri | Janak Puri | 19/03/2010 | Pioneers/1110/30-12-09/325/13-10-09 /30-12-09 | 49.00 | 7 | DVD ASTI | DVD-007041 | 02/09/2011 | 01/09/2011 | 1 | 49.00 | 19/03/2010 | CD-ROMs, DVDs, VHS | 1 | ||||
| Dewey Decimal Classification | Karol Bagh | Karol Bagh | 13/03/2010 | Pioneers/1099/25-12-09/325/13-10-09 /30-12-09 | 49.00 | 4 | DVD ASTI | DVD-006589 | 27/04/2012 | 20/04/2012 | 1 | 49.00 | 13/03/2010 | CD-ROMs, DVDs, VHS | |||||
| Dewey Decimal Classification | Narela | Narela | 19/03/2010 | Pioneers/1110/30-12-09/325/13-10-09 /30-12-09 | 49.00 | 2 | DVD ASTI | DVD-007039 | 29/01/2012 | 28/01/2012 | 1 | 49.00 | 19/03/2010 | CD-ROMs, DVDs, VHS | |||||
| Dewey Decimal Classification | Patel Nagar | Patel Nagar | 13/03/2010 | Pioneers/1099/25-12-09/325/13-10-09 /30-12-09 | 49.00 | 5 | DVD ASTI | DVD-006588 | 13/02/2011 | 05/02/2011 | 1 | 49.00 | 13/03/2010 | CD-ROMs, DVDs, VHS | |||||
| Dewey Decimal Classification | Shahdara Branch | Shahdara Branch | 19/03/2010 | Pioneers/1110/30-12-09/325/13-10-09 /30-12-09 | 49.00 | DVD ASTI | DVD-007040 | 19/03/2010 | 1 | 49.00 | 19/03/2010 | CD-ROMs, DVDs, VHS |
